| 000 | 00569nam a2200193Ia 4500 | ||
|---|---|---|---|
| 999 |
_c3729 _d3729 |
||
| 003 | OSt | ||
| 005 | 20210813172349.0 | ||
| 008 | 160316s1965 xxu||||| |||| 00| 0 eng d | ||
| 040 | _cNLS | ||
| 082 |
_a372 _bPRO |
||
| 100 | _a | ||
| 245 | _aProblems of extension of primary education in rural areas | ||
| 260 |
_aNew Delhi _bGovt. of India, Planning Commission _c1965 |
||
| 300 |
_a254p. _b20 cm _cvii |
||
| 650 | _a1. Primary Education - Rural Areas - Problems | ||
| 700 |
_a _a |
||
| 856 | _u http://opac.nls.ac.in:8081/xmlui/handle/123456789/770 | ||
| 942 |
_2ddc _cBK |
||